Democratic theory & practice in Africa / (Record no. 3213)

MARC details
000 -LEADER
fixed length control field 01256cam a2200337 a 4500
001 - CONTROL NUMBER
control field 2437492
003 - CONTROL NUMBER IDENTIFIER
control field OSt
005 - DATE AND TIME OF LATEST TRANSACTION
control field 20160309150737.0
008 - FIXED-LENGTH DATA ELEMENTS--GENERAL INFORMATION
fixed length control field 880610s1988 nhu b 001 0 eng
010 ## - LIBRARY OF CONGRESS CONTROL NUMBER
LC control number 88021101
020 ## - INTERNATIONAL STANDARD BOOK NUMBER
International Standard Book Number 0435080261
040 ## - CATALOGING SOURCE
Original cataloging agency DLC
Transcribing agency DLC
Modifying agency DLC
043 ## - GEOGRAPHIC AREA CODE
Geographic area code fb-----
050 00 - LIBRARY OF CONGRESS CALL NUMBER
Classification number JQ1872
Item number .D47 1988
082 00 - DEWEY DECIMAL CLASSIFICATION NUMBER
Classification number 321.8/096
Edition number 19
Item number DEM 1988
245 00 - TITLE STATEMENT
Title Democratic theory & practice in Africa /
Statement of responsibility, etc. edited by Walter O. Oyugi ... [et al.].
250 ## - EDITION STATEMENT
Edition statement Enl. ed.
260 ## - PUBLICATION, DISTRIBUTION, ETC. (IMPRINT)
Place of publication, distribution, etc. Portsmouth, NH :
Name of publisher, distributor, etc. Heinemann ;
Place of publication, distribution, etc. London :
Name of publisher, distributor, etc. J. Currey,
Date of publication, distribution, etc. 1988.
300 ## - PHYSICAL DESCRIPTION
Extent 237 p. ;
Dimensions 22 cm.
504 ## - BIBLIOGRAPHY, ETC. NOTE
Bibliography, etc Includes bibliographies and index.
650 #0 - SUBJECT ADDED ENTRY--TOPICAL TERM
Topical term or geographic name as entry element Representative government and representation
Geographic subdivision Africa, Sub-Saharan.
9 (RLIN) 7201
650 #0 - SUBJECT ADDED ENTRY--TOPICAL TERM
Topical term or geographic name as entry element Democracy.
9 (RLIN) 1184
651 #0 - SUBJECT ADDED ENTRY--GEOGRAPHIC NAME
Geographic name Africa, Sub-Saharan
General subdivision Politics and government
Chronological subdivision 1960-
9 (RLIN) 4618
651 #0 - SUBJECT ADDED ENTRY--GEOGRAPHIC NAME
Geographic name Africa, Sub-Saharan
General subdivision Economic conditions
Chronological subdivision 1960-
9 (RLIN) 7202
651 #0 - SUBJECT ADDED ENTRY--GEOGRAPHIC NAME
Geographic name Africa, Sub-Saharan
General subdivision Social conditions
Chronological subdivision 1960-
9 (RLIN) 7203
700 1# - ADDED ENTRY--PERSONAL NAME
Personal name Oyugi, W. Ouma.
9 (RLIN) 7204
740 0# - ADDED ENTRY--UNCONTROLLED RELATED/ANALYTICAL TITLE
Uncontrolled related/analytical title Democratic theory and practice in Africa.
906 ## - LOCAL DATA ELEMENT F, LDF (RLIN)
a 7
b cbc
c orignew
d 1
e ocip
f 19
g y-gencatlg
942 ## - ADDED ENTRY ELEMENTS (KOHA)
Source of classification or shelving scheme Dewey Decimal Classification
Koha item type Short Loan
Holdings
Withdrawn status Lost status Source of classification or shelving scheme Damaged status Not for loan Home library Current library Date acquired Inventory number Total Checkouts Full call number Barcode Date last seen Price effective from Koha item type
    Dewey Decimal Classification     MUST Main Library MUST Main Library 09/03/2016 9774   321.8/096 DEM 1988 2016-0398 09/03/2016 09/03/2016 Short Loan
    Dewey Decimal Classification     MUST Main Library MUST Main Library 12/04/2016 9771   321.8/096 DEM 1988 2016-0773 12/04/2016 12/04/2016 Short Loan